{"text_format":"3","workbook":"xls","n_sheets":3,"sheets":["台州市中医院供应室设备拟采购清单 ","招标文件的要求","产品信息对比表"],"read":"whole","date_system":"1900","formulas":"cached_only"}

{"sheet":"台州市中医院供应室设备拟采购清单 ","index":0,"n_rows":26,"n_cols":7,"rows_kept":26,"merged":[[0,0,0,6]],"flags":["formulas_cached_only"]}
["台州市中医院供应室设备拟采购清单"]
["序号","设备名称","技术参数","单位","数量","预算单间","预算总价"]
[1,"脉动真空灭菌器","容积：1200L","台",2,13000,26000]
[2,"电热蒸汽发生器","功率：60KW/H","台",2,30000,60000]
[3,"快速式全自动清洗消毒器","容积：520L，蒸汽加热","台",1,175000,175000]
[4,"快速式全自动清洗消毒器","容积：320L，电加热","台",1,85000,85000]
[5,"医用干燥柜","容积：360L","台",1,60000,60000]
[7,"水处理系统","产水量：500L/H","台",1,50000,50000]
[9,"污物接收台","尺寸：1100*600*800","台",1,5000,4500]
[10,"清洗工作台","尺寸：1800*1100*800","台",1,4000,4000]
[11,"密封回收车","尺寸：1250*750*1430","辆",2,6500,13000]
[12,"双头洗眼器","材质：全不锈钢","台",1,1000,1000]
[13,"两槽污物清洗槽","尺寸：1800*630*950","台",2,8000,16000]
[14,"小车清洗机","进口品牌。","台",1,1500,1500]
[15,"器械检查打包台","尺寸：2000*750*1450","台",2,7500,15000]
[16,"包布检查打包台","尺寸：2000*1200*850","台",1,5500,5500]
[17,"器械放大镜","带灯，可自由伸缩，放大5倍","台",2,1000,2000]
[18,"组合式货架","尺寸：1200*600*1800","台",2,3500,7000]
[19,"单列立式网框储存架","尺寸：2190*405*1748，可存储20个标准篮筐","台",2,4500,9000]
[20,"标准篮筐","尺寸：535*380*195","个",40,350,14000]
[21,"密封下送车","尺寸：1250*750*1430","台",2,6500,13000]
[22,"器械柜","多层隔板可调，尺寸：960*405*1750","台",2,7000,14000]
[23,"敷料柜","外开门，带玻璃视窗，尺寸：1200*405*1750","台",2,7500,15000]
[24,"一单元双门互锁传递窗","双门互锁型，带紫外线消毒，尺寸：550*650*550","台",2,4000,8000]
[25,"六单元双门互锁传递窗","双门互锁型，带紫外线消毒，尺寸：1070*650*1590","台",1,15000,15000]
[{"$nulls":6},613500]

{"sheet":"招标文件的要求","index":1,"n_rows":12,"n_cols":2,"rows_kept":12,"merged":[[0,0,0,1],[11,0,11,1]],"flags":["formulas_cached_only"]}
["招标文件的要求"]
["序号","资料内容"]
[1,"投标一览表"]
[2,"设备配置清单、技术参数、功能特点介绍"]
[3,"涉及耗材的请标明耗材的省平台信息，并附有耗材的相关证件"]
[4,"用户名单"]
[5,"售后服务承诺"]
[6,"公司资质、法人授权书、业务员身份证复印件"]
[7,"产品三证"]
[8,"设备彩页"]
[9,"廉洁承诺书"]
["要求一正二副，通知询标时，请多带彩页。 "]

{"sheet":"产品信息对比表","index":2,"n_rows":11,"n_cols":1,"rows_kept":11,"merged":[[0,0,0,3],[13,0,13,3]],"flags":["formulas_cached_only"]}
["产品信息对比表"]
["公司名称"]
["设备品牌"]
["规格型号"]
["价格"]
["配置"]
["功能特点"]
["耗材情况"]
["优惠条件"]
["售后服务"]
["联系人电话"]